[Event "ch-BEL"]
[Site "Antwerp BEL"]
[Date "2011.07.06"]
[Round "5.1"]
[White "Dgebuadze,A"]
[Black "Van der Stricht,G"]
[Result "1-0"]
[WhiteElo "2522"]
[BlackElo "2374"]

1.c4 c6 2.e4 d5 3.cxd5 cxd5 4.exd5 Nf6 5.Bb5+ Nbd7 6.Nc3 a6 7.Qa4 g6 8.Nf3 Bg7
9.O-O O-O 10.Bxd7 Bxd7 11.Qb3 b5 12.d4 Qb8 13.Bg5 b4 14.Bxf6 exf6 15.Ne4 a5
16.Nc5 a4 17.Nxd7 Qb5 18.Qc2 Qxd7 19.Qc4 Rfd8 20.Qxb4 Qxd5 21.Rfc1 Rdb8 22.Qc3 Rb5
23.Rc2 Bf8 24.h3 Rb4 25.Qd2 Rab8 26.Qe2 Qb7 27.Rb1 Qd5 28.Ra1 Qb7 29.Rd1 Qd5
30.a3 R4b5 31.Nh2 h5 32.Nf1 Bh6 33.Ne3 Bxe3 34.fxe3 f5 35.Rdc1 Kg7 36.Rc5 Qe4
37.Rxb5 Rxb5 38.Rd1 Rb3 39.Kf2 f4 40.exf4 Qxf4+ 41.Kg1 Re3 42.Qd2 Qe4 43.d5 Re2
44.Qd4+ Qxd4+ 45.Rxd4 Rxb2 46.d6 Rb8 47.Rxa4 Rb1+ 48.Kf2 Rd1 49.Ra6 Kf6 50.Ke2 Rd5
51.d7+ Ke7 52.Ra7 f6 53.a4 Re5+ 54.Kf2 Rf5+ 55.Kg1 h4 56.a5 g5 57.a6 Ra5
58.Kf2 Ra3 59.Ke2 Kd8 60.Kd2 Ke7 61.Kc2 Kd8 62.Kb2 Ra5 63.Kb3 Ra1 64.Kc4 f5
65.Kb5 Rb1+ 66.Kc6  1-0

[Event "TCh-TUR 2011"]
[Site "Konya TUR"]
[Date "2011.07.06"]
[Round "10"]
[White "Sirin,A"]
[Black "Kucumenler,T"]
[Result "0-1"]
[WhiteElo "2230"]
[BlackElo "2076"]

1.c4 c6 2.Nf3 Nf6 3.g3 d5 4.Bg2 dxc4 5.O-O Qd5 6.a4 h6 7.a5 Na6 8.Nc3 Qd6
9.b3 cxb3 10.Qxb3 Nc5 11.Qc2 e5 12.Ba3 Qc7 13.d4 exd4 14.Nxd4 Bd7 15.Rfd1 Rd8
16.Qc1 Be7 17.Qe3 Ng4 18.Qc1 O-O 19.h3 Nf6 20.e4 Bc8 21.Qb1 Qe5 22.f4 Qh5
23.e5 Nd5 24.Nxd5 cxd5 25.g4 Qh4 26.a6 b6 27.Nc6 Rd7 28.Rxd5 Rxd5 29.Bxd5 Bxa6
30.Qe1 Qxe1+ 31.Rxe1 Bh4 32.Ra1 Bb7 33.Bg2 Bxc6 34.Bxc6 Rc8 35.Bg2 Nd3 36.Bd6 Nxf4
37.Bf1 a5 38.Rb1 Rc2 39.Kh1 Bf2 40.Rd1 g5 41.Be7 Rc8 42.Bf6 Ne6 43.Bb5 Bd4
44.Bd7 Rc4 45.Bb5 Rc5 46.Be8 Kf8 47.Bd7 Bxe5 48.Bxe6 fxe6 49.Bd8 Bc7 50.Bf6 e5
51.Rf1 Ke8 52.Bg7 Rc6 53.Rf8+ Kd7 54.Kg2 b5 55.Kf3 b4 56.Ke4 b3 57.Rf7+ Kc8
58.Rf2 a4 59.Bf8 Kb7 60.Ba3 Bd6 61.Rf7+ Kb6 62.Bb2 a3 63.Rf3 axb2 64.Rxb3+ Kc7
65.Rxb2 Rc3 66.Rh2 Rg3 67.Kf5 Kd7 68.h4 Rf3+ 69.Kg6 e4 70.Rh1 gxh4 71.Kxh6 h3
72.g5 Bf4 73.Kh5 Ke6 74.g6 Rg3 75.Rf1 Kf5 76.Kh4 h2 77.g7 h1=Q+ 78.Rxh1 Rxg7  0-1

[Event "10th La Fere Open"]
[Site "La Fere FRA"]
[Date "2011.07.07"]
[Round "7.10"]
[White "Schartz,A"]
[Black "Boudier,E"]
[Result "1/2-1/2"]
[WhiteElo "2172"]
[BlackElo "1840"]

1.c4 c6 2.Nc3 Nf6 3.Nf3 d5 4.d4 Bf5 5.Qb3 Qb6 6.Qxb6 axb6 7.cxd5 cxd5 8.Nh4 Bd7
9.Bg5 e6 10.Bxf6 gxf6 11.a3 Nc6 12.e3 Na5 13.Nf3 Nc4 14.Bxc4 dxc4 15.Nd2 b5
16.O-O Be7 17.Rfb1 O-O 18.f3 f5 19.Kf2 Ra6 20.Rg1 Rfa8 21.Rad1 Bd6 22.g3 Rc8
23.e4 b4 24.axb4 Bxb4 25.exf5 exf5 26.Nd5 Bf8 27.g4 fxg4 28.Ne4 Be6 29.Ndf6+ Kh8
30.d5 Bf5 31.d6 Rd8 32.fxg4 Bxe4 33.Nxe4 Bxd6 34.Kf3 Rb6 35.Rd2 Rb3+ 36.Nc3 Bc7
37.Rgd1 Rxd2 38.Rxd2 Ba5 39.Rc2 b5 40.Ke4 Bxc3 41.bxc3 Kg7 42.h4 Kg6 43.Kf4 Kf6
44.g5+ Kg6 45.Kg4 f5+ 46.Kf4 h5  1/2-1/2

[Event "XXVI Tadeusza Gniota"]
[Site "Police POL"]
[Date "2011.07.07"]
[Round "3.7"]
[White "Aglave,A"]
[Black "Starostits,I"]
[Result "0-1"]
[WhiteElo "2081"]
[BlackElo "2500"]

1.c4 c6 2.g3 d5 3.Nf3 Nf6 4.Bg2 g6 5.O-O Bg7 6.cxd5 Nxd5 7.Nc3 O-O 8.Nxd5 cxd5
9.d4 Nc6 10.Be3 Qb6 11.Qd2 Rd8 12.Rfd1 Bf5 13.Rac1 Qa6 14.Rc3 Qxa2 15.Ra3 Qc4
16.Rc1 Qb5 17.Rc5 Qb6 18.Qc3 e5 19.Nxe5 Bxe5 20.Rb3 Nxd4 21.Rxb6 Nxe2+  0-1

[Event "5th Varna Open"]
[Site "Golden Sands BUL"]
[Date "2011.07.08"]
[Round "7"]
[White "Chatalbashev,B"]
[Black "Grigorov,G"]
[Result "1/2-1/2"]
[WhiteElo "2596"]
[BlackElo "2501"]

1.c4 c6 2.Nf3 d5 3.e3 Nf6 4.Nc3 e6 5.b3 Nbd7 6.Bb2 Bd6 7.Qc2 O-O 8.Be2 Qe7
9.O-O a6 10.cxd5 exd5 11.Nd4 Ne5 12.f4 Ng6 13.Rae1 Re8 14.Nf5 Bxf5 15.Qxf5  1/2-1/2

[Event "TCh-TUR 2nd League 2011"]
[Site "Konya TUR"]
[Date "2011.07.08"]
[Round "6"]
[White "Abasov,N"]
[Black "Gundogan,C"]
[Result "1-0"]
[WhiteElo "2481"]
[BlackElo "1823"]

1.c4 c6 2.e4 e5 3.Nf3 Qc7 4.d4 d6 5.Nc3 Nf6 6.h3 g6 7.Be3 Bg7 8.c5 dxc5 9.dxc5 O-O
10.Qc2 b6 11.b4 Na6 12.Qa4 bxc5 13.bxc5 Nb8 14.Bc4 a5 15.O-O Ba6 16.Rab1 Nbd7
17.Nd2 Rfd8 18.Bxa6 Rxa6 19.Rfd1 Bf8 20.Qc4 Raa8 21.Nf3 h6 22.Na4 Re8 23.Ne1 Rab8
24.Nb6 Kg7 25.Rb3 Rbd8 26.Rdb1 Qa7 27.Nd3 Nb8 28.f3 Na6 29.Qc3 Rxd3 30.Qxd3 Nxc5
31.Na4 Nxd3 32.Bxa7 Nb4 33.a3 Nc2 34.Rc1 Nd4 35.Bxd4 exd4 36.Rxc6 Nd7 37.Rc7 Ne5
38.f4 Bd6 39.Rc1 Nd7 40.e5 Bb8 41.Rb7 Nf8 42.Rcb1  1-0

[Event "ch-Central Serbia Int Open B"]
[Site "Paracin SRB"]
[Date "2011.07.08"]
[Round "1.2"]
[White "Tomic,Sl"]
[Black "Kroselj,Lucija"]
[Result "1-0"]
[WhiteElo "2082"]
[BlackElo "1553"]

1.c4 c6 2.Nf3 d5 3.b3 Nf6 4.Bb2 Nbd7 5.e3 e6 6.Be2 Bd6 7.Nc3 O-O 8.Qc2 Nc5
9.d3 Bc7 10.O-O Re8 11.Rad1 Qe7 12.Rfe1 e5 13.cxd5 cxd5 14.d4 exd4 15.Rxd4 Rd8
16.Rc1 b6 17.Ba3 Bb7 18.Na4 Bd6 19.Nxc5 Rac8 20.b4 Ne4 21.Qb1 bxc5 22.bxc5 Bxc5
23.Bxc5 Rxc5 24.Rxc5 Nxc5 25.Qb4 Qc7 26.Rd1 Rc8 27.Rb1 f6 28.h3 Kf7 29.Nd4 Ba8
30.Bg4 Nd3 31.Be6+ Kg6 32.Bf5+ Kf7 33.Bxd3  1-0

[Event "Lev Polugaevsky Mem"]
[Site "Samara RUS"]
[Date "2011.07.08"]
[Round "4"]
[White "Sidorov,A"]
[Black "Baraeva,I"]
[Result "1/2-1/2"]
[WhiteElo "2331"]
[BlackElo "2204"]

1.c4 c6 2.Nf3 d5 3.e3 Nf6 4.b3 Bg4 5.Bb2 Nbd7 6.Be2 e6 7.O-O Bd6 8.Nc3 O-O
9.Rc1 a6 10.cxd5 exd5 11.Nd4 Ne5 12.Bxg4 Nexg4 13.f4 Qd7 14.Nf3 Rac8 15.Ne2 Ne4
16.h3 Nh6 17.d3 Nc5 18.b4 Ne6 19.Qd2 Qe7 20.Bc3 c5 21.bxc5 Bxc5 22.d4 Bd6
23.Qd3 f6 24.Bb2 Nf7 25.Qb3 Nc7 26.Rc2 Kh8 27.Rfc1 Rfe8 28.Kf2 Nd8 29.Ng3 Qe6
30.Nf1 Nc6 31.Bc3 Nb5 32.a4 Na3 33.Rd2 b5 34.axb5 axb5 35.Ra2 b4 36.Bd2 Nc4
37.Rca1 Ne7 38.Ra6 Nxd2 39.N3xd2 Nf5 40.g4 Nxd4 41.exd4 Qe2+ 42.Kg1 Bxf4
43.Qd1 Be3+ 44.Kh1 Qf2 45.Nf3 b3 46.Nxe3 Qxe3 47.R6a3 Rc3 48.Ra8 b2 49.Rxe8+ Qxe8
50.Rb1 Qc8 51.Rxb2 Rc1 52.Rd2 Rxd1+ 53.Rxd1 Qc2 54.Rd2 Qe4 55.Kg2 Kg8 56.Kf2 Kf7
57.Ra2 Qe7 58.Rc2 Qd6 59.Ra2 Qc7 60.Re2 Kg6 61.Re6 Qf4 62.Re7 Qd6 63.Ra7 Qb8
64.Re7 Qb4 65.Rd7 Qb5 66.Re7 Qb2+ 67.Kg3 Qb8+ 68.Kg2 Qc8 69.Kg3 Qb8+  1/2-1/2

[Event "Lev Polugaevsky Mem"]
[Site "Samara RUS"]
[Date "2011.07.08"]
[Round "4"]
[White "Iliushkin,E"]
[Black "Ushakova,I"]
[Result "1-0"]
[WhiteElo "2281"]
[BlackElo "2126"]

1.c4 c6 2.e4 d5 3.exd5 cxd5 4.d4 Nf6 5.Nc3 g6 6.Nf3 Bg7 7.Qa4+ Nbd7 8.Be3 dxc4
9.Bxc4 O-O 10.Bb3 Nb6 11.Qb5 a6 12.Qg5 Bf5 13.Qh4 Rc8 14.Ne5 Nfd5 15.O-O Nxc3
16.bxc3 Rxc3 17.Bg5 Bf6 18.Bxf6 exf6 19.Nxf7 Qc7 20.Qxf6 Rxf7 21.Bxf7+ Qxf7
22.Qxb6 Rc7 23.Rac1 Rd7 24.Rfe1 Kg7 25.a3 Kh6 26.Re5 Bd3 27.Qb2 Qf4 28.Rd1 Bb5
29.Re3 Rd5 30.Rh3+ Kg7 31.Qd2 Qf7 32.Qh6+ Kg8 33.Rf3 Qe7 34.Qe3 Qd7 35.Rf6 Bc4
36.Qe6+ Qxe6 37.Rxe6 Rxd4 38.Rxg6+ hxg6 39.Rxd4 Bb5 40.a4 Bc6 41.a5 Kf7 42.h4  1-0

[Event "SPA Open A"]
[Site "Amsterdam NED"]
[Date "2011.07.09"]
[Round "1"]
[White "Reinderman,D"]
[Black "Vogel,Ja"]
[Result "1-0"]
[WhiteElo "2618"]
[BlackElo "2221"]

1.c4 c6 2.e4 d5 3.exd5 cxd5 4.cxd5 Nf6 5.Bb5+ Bd7 6.Bc4 g6 7.Nc3 Bg7 8.Nge2 O-O
9.O-O a6 10.a4 Bg4 11.f3 Bf5 12.Ng3 Qc7 13.d3 Nbd7 14.Be3 Ne5 15.Rc1 Nxc4
16.dxc4 Qxc4 17.Nce4 Qa2 18.Bc5 Rfd8 19.Nxf5 gxf5 20.Nc3 Qc4 21.Bxe7 Rd7
22.Ne4  1-0

[Event "SPA Open A"]
[Site "Amsterdam NED"]
[Date "2011.07.09"]
[Round "1"]
[White "Ritsema,R"]
[Black "Testa,Ad"]
[Result "0-1"]
[WhiteElo "2103"]
[BlackElo "2269"]

1.c4 c6 2.g3 d5 3.Nf3 Nf6 4.Bg2 Bf5 5.O-O e6 6.d4 h6 7.Nc3 Nbd7 8.b3 Be7
9.Bb2 O-O 10.Re1 Rb8 11.Ne5 Nxe5 12.dxe5 Nd7 13.e4 dxe4 14.Nxe4 Nc5 15.Bd4 Nxe4
16.Bxe4 Bb4 17.Re3 c5 18.Bb2 Bxe4 19.Rxe4 Qxd1+ 20.Rxd1 Rfd8 21.Rxd8+ Rxd8
22.Re2 h5 23.Kg2 Kh7 24.h3 Bd2 25.Ba3 b6 26.Bb2 Kg6 27.g4 hxg4 28.hxg4 Bf4
29.Bc3 Kg5 30.f3 Rh8 31.Kg1 Rd8 32.Kg2 Rd3 33.Bb2 a6 34.Ba3 Re3 35.Rf2 Re1
36.Bb2 Be3 37.Rc2 Kf4 38.Bc3 Rg1+ 39.Kh2 Kxf3  0-1

[Event "St Pauli Open"]
[Site "Hamburg GER"]
[Date "2011.07.09"]
[Round "1.43"]
[White "Mueller,To"]
[Black "Lehmkuhl,S"]
[Result "1/2-1/2"]
[WhiteElo "2118"]
[BlackElo "1903"]

1.c4 c6 2.g3 d5 3.Bg2 Nf6 4.Nf3 Bf5 5.b3 e6 6.Bb2 Be7 7.O-O O-O 8.d3 h6 9.Nbd2 Na6
10.a3 Rc8 11.Qc2 b5 12.Rad1 bxc4 13.bxc4 Nc5 14.Rfe1 Qa5 15.Bc3 Qa4 16.Qxa4 Nxa4
17.Ba1 Nb6 18.e4 Bh7 19.Bd4 Bxa3 20.Ra1 Bb4 21.Reb1 c5 22.Bxf6 gxf6 23.cxd5 a5
24.Bh3 Rce8 25.dxe6 fxe6 26.Nb3 a4 27.Nbd4 f5 28.exf5 Bxf5 29.Bxf5 exf5 30.Nc6 Nd5
31.d4 Rc8 32.Nfe5 Rf6 33.dxc5 Rcxc6 34.Nxc6 Rxc6 35.Rxa4 Bxc5 36.Ra5 Nc3
37.Rb7 Rc8 38.Kg2 Ne4 39.Rbb5 Bxf2 40.Rxf5 Be1 41.Ra7 Rc2+ 42.Kh3 Ng5+ 43.Kg4 Rxh2
44.Rb5 Nf7 45.Kf5 Kg7 46.Rb1 Rf2+ 47.Ke6 Re2+ 48.Kf5 Re5+ 49.Kf4 Bd2+ 50.Kg4 Rg5+
51.Kf3 Rf5+ 52.Ke4 Rf6 53.Rb8 Bg5 54.Rbb7 Kg6  1/2-1/2

[Event "St Pauli Open"]
[Site "Hamburg GER"]
[Date "2011.07.09"]
[Round "1.55"]
[White "Pawlowski,Thomas"]
[Black "Groetzbach,D"]
[Result "1-0"]
[WhiteElo "2052"]
[BlackElo "1807"]

1.c4 c6 2.e4 d5 3.cxd5 cxd5 4.exd5 Qxd5 5.Nc3 Qa5 6.d4 Nf6 7.Bc4 e6 8.Nf3 Nbd7
9.O-O Nb6 10.Bb3 Be7 11.Qe2 O-O 12.Rd1 Nbd5 13.Bd2 Qd8 14.Rac1 a6 15.Ne5 Qd6
16.Bg5 Rd8 17.Qf3 Nxc3 18.bxc3 Qc7 19.c4 Bd7 20.Bf4 Qb6 21.c5 Qa7 22.Rb1 Rac8
23.Be3 Bc6 24.Nxc6 Rxc6 25.Ba4 Rc7 26.Bf4 Rdd7 27.Bxd7 Rxd7 28.c6 bxc6 29.Qxc6 Rxd4
30.Be3 Rxd1+ 31.Rxd1 Qb8 32.Rc1 Qb2 33.Qc2 Qa3 34.Qb3 Qd6 35.Rc8+ Bd8 36.Bb6 Ne8
37.Rxd8 Qc6 38.Qc4  1-0

[Event "ch-Central Serbia Int Open B"]
[Site "Paracin SRB"]
[Date "2011.07.09"]
[Round "2.19"]
[White "Filipovic,T1"]
[Black "Blagojevic,Nikola"]
[Result "1/2-1/2"]
[WhiteElo "1912"]
[BlackElo "1567"]

1.c4 c6 2.Nc3 e6 3.b3 d5 4.cxd5 cxd5 5.e3 Nf6 6.Bb2 a6 7.a4 Nc6 8.h3 g6 9.Nf3 Bg7
10.d4 Bd7 11.Be2 O-O 12.O-O Rc8 13.Rc1 Qb6 14.Ba3 Rfe8 15.Bc5 Qd8 16.b4 Nb8
17.a5 Bc6 18.Ne5 Nfd7 19.Nxc6 Nxc6 20.Na4 Bf8 21.Bxf8 Kxf8 22.Qd2 Qe7 23.Rb1 Rb8
24.Rfc1 Rec8 25.Nc5 Nxc5 26.dxc5 Qe8 27.Qb2 Kg8 28.Ra1 Na7 29.f4 Nb5 30.Qf6 Nc7
31.g4 Qd8 32.Qxd8+ Rxd8 33.Rd1 Kf8 34.Kg2 Ke7 35.g5 Ne8 36.h4 Ng7 37.Bg4 Nf5
38.Bxf5 exf5 39.Rd4 Rd7 40.Rh1 Rdd8 41.h5 Ke6 42.hxg6 hxg6 43.Rdd1 Rh8 44.Kf2 Rxh1
45.Rxh1 Kd7 46.Rh7 Rf8 47.Rh1 Kc6 48.Rd1 Re8 49.Kf3 Re4 50.Rb1 Kb5 51.Rd1 Kc4
52.Rc1+ Kb5 53.Rd1  1/2-1/2

[Event "Lev Polugaevsky Mem"]
[Site "Samara RUS"]
[Date "2011.07.09"]
[Round "5"]
[White "Musalov,R"]
[Black "Palachev,P"]
[Result "1/2-1/2"]
[WhiteElo "2399"]
[BlackElo "2207"]

1.c4 c6 2.d4 d5 3.Nc3 Nf6 4.Nf3 e6 5.cxd5 exd5 6.Qc2 g6 7.Bg5 Be7 8.e3 Bf5
9.Bd3 Bxd3 10.Qxd3 O-O 11.O-O Nbd7 12.Rab1 a5 13.Rfc1 Re8 14.h3 Ne4 15.Bf4 Bd6
16.Bxd6 Nxd6 17.Na4 Ne4 18.a3 Qe7 19.Qb3 b5 20.Nc3 a4 21.Qc2 Nd6 22.Re1 Rac8
23.Nd2 Nb6 24.Re2 Qf6 25.Rd1 Nf5 26.Nf3 Nd6 27.Ne5 Ndc4 28.f4 Qg7 29.e4 dxe4
30.Nxe4 f6 31.Nxc4 Nxc4 32.Rde1 Kh8 33.f5 gxf5 34.Nc5 Rxe2 35.Qxe2 Rg8 36.Qf3 Qg3
37.Qxg3 Rxg3 38.Re6 Nxb2 39.Rxc6 Rxa3 40.d5 Ra1+ 41.Kh2 Nc4 42.Ne6 Kg8 43.Rc7 h5
44.Rc8+ Kf7 45.Rc7+  1/2-1/2

[Event "SPA Open A"]
[Site "Amsterdam NED"]
[Date "2011.07.10"]
[Round "2"]
[White "Zult,D"]
[Black "Go,B"]
[Result "1-0"]
[WhiteElo "2241"]
[BlackElo "2124"]

1.c4 c6 2.g3 d5 3.Nf3 Nf6 4.Bg2 dxc4 5.a4 Bf5 6.Na3 Na6 7.Nxc4 Nb4 8.d3 e6
9.a5 Bc5 10.O-O Qe7 11.Qb3 Rd8 12.Bd2 Na6 13.Ra4 O-O 14.d4 Bxd4 15.Nxd4 Rxd4
16.Be3 Rd5 17.Bxd5 exd5 18.Nd2 Re8 19.Rf4 Bc8 20.Re1 Nc5 21.Qa3 Ne6 22.Qxe7 Rxe7
23.Ra4 c5 24.Nf3 Bd7 25.Raa1 Bb5 26.Bd2 Ne4 27.h4 Nxd2 28.Nxd2 Nd4 29.Rab1 Nxe2+
30.Kg2 Kf8 31.Nb3 b6 32.axb6 axb6 33.Ra1 f5 34.Ra8+ Kf7 35.Rb8 Nf4+ 36.gxf4 Rxe1
37.Rb7+ Kf8 38.Rxb6 Bf1+ 39.Kg3 c4 40.Nd4 Bd3 41.Rb7 Re7 42.Rb5 Kf7 43.Rxd5 Rb7
44.Rb5 Rxb5 45.Nxb5 Ke6 46.Kf3 Kd5 47.Ke3 Kc5 48.Nd4 Kd5 49.Nf3 Bc2 50.Ng5 h6
51.Nf3 Ba4 52.Ne1 Kc5 53.Nf3 Kd5 54.Nd4 Bd7 55.Ne2 Be8 56.Ng3 Bg6 57.Kd2 Kd4
58.f3 Bh7 59.Nh5 Bg6 60.Nxg7 h5 61.Ne6+ Kd5 62.Nf8 Bf7 63.Kc3 Bg8 64.Nd7 Bf7
65.Ne5 Be8 66.Nxc4 Bb5 67.Ne5 Kc5 68.Nf7 Bc6 69.Ne5 Be8 70.Nc4 Kd5 71.Ne3+ Ke6
72.Kd3 Bb5+ 73.Kd2 Bc6 74.Ke2 Bb5+ 75.Kf2 Bd3 76.Nf1 Bb5 77.Ng3 Be8 78.Ke3 Bg6
79.Kd4 Kd6 80.b4 Kc6  1-0

[Event "XXXIV Open"]
[Site "Barbera del Valles ESP"]
[Date "2011.07.10"]
[Round "7"]
[White "Leon Hoyos,M"]
[Black "Carlsson,P"]
[Result "1-0"]
[WhiteElo "2548"]
[BlackElo "2496"]

1.c4 c6 2.e4 d5 3.exd5 cxd5 4.d4 Nf6 5.Nc3 Nc6 6.Bg5 Be6 7.Qd2 Qd7 8.Rd1 O-O-O
9.Be2 h6 10.Bh4 g5 11.Bg3 dxc4 12.Nf3 Bg7 13.O-O Nh5 14.d5 Nxg3 15.hxg3 Bxc3
16.Qxc3 Bxd5 17.Bxc4 e6 18.b4 Qc7 19.Bxd5 exd5 20.Rc1 d4 21.Qc5 g4 22.Nd2 Rhe8
23.b5 Re5 24.Qc4 Rd6 25.Qd3  1-0

[Event "10th Condom Open A"]
[Site "Condom FRA"]
[Date "2011.07.10"]
[Round "3.2"]
[White "Fantinel,T"]
[Black "Cioara,A"]
[Result "1/2-1/2"]
[WhiteElo "2266"]
[BlackElo "2430"]

1.c4 c6 2.Nf3 Nf6 3.e3 d5 4.Nc3 e6 5.Qc2 Nbd7 6.b3 Bd6 7.Bb2 O-O 8.Be2 a6
9.Rg1 b5 10.g4 Nb6 11.g5 Nfd7 12.a4 bxc4 13.bxc4 Rb8 14.d3 a5 15.cxd5 Nxd5
16.Ne4 Bb4+ 17.Kf1 Qb6 18.Bd4 c5 19.Be5 Nxe5 20.Nxe5 Qc7 21.Nc4 Qxh2 22.Rg3 Qh1+
23.Rg1 Qh3+ 24.Rg2 Qh1+ 25.Rg1 Qh3+  1/2-1/2

[Event "Oberwart Open"]
[Site "Oberwart AUT"]
[Date "2011.07.10"]
[Round "2.7"]
[White "Milanovic,Da"]
[Black "Makk,R"]
[Result "1/2-1/2"]
[WhiteElo "2515"]
[BlackElo "2246"]

1.c4 c6 2.e4 d5 3.exd5 cxd5 4.cxd5 Qxd5 5.Nc3 Qa5 6.d4 Nf6 7.Bc4 e6 8.Ne2 Be7
9.O-O O-O 10.a3 a6 11.Ba2 Rd8 12.b4 Qc7 13.h3 b5 14.Bf4 Qd7 15.Qb3 Bb7 16.Rfd1 Nd5
17.Bh2 Qe8 18.Rac1 Nd7 19.Bb1 N7f6 20.Be5 Rac8 21.Nxd5 Bxd5 22.Qg3 Nh5 23.Qe3 Rxc1
24.Rxc1 Rc8 25.Rc3 Nf6 26.Nf4 Bb7 27.Qc1 Rxc3 28.Qxc3 Qc6 29.Qxc6 Bxc6 30.Bc7 Kf8
31.f3 Ke8 32.Kf2 g6 33.Bc2 Nd5 34.Nxd5 Bxd5 35.Bf4  1/2-1/2

[Event "Oberwart Open"]
[Site "Oberwart AUT"]
[Date "2011.07.10"]
[Round "2.23"]
[White "Froewis,G"]
[Black "Rieger,R"]
[Result "1-0"]
[WhiteElo "2329"]
[BlackElo "2150"]

1.c4 c6 2.Nf3 Nf6 3.b3 d5 4.e3 e6 5.d4 Nbd7 6.Bd3 Be7 7.O-O O-O 8.Bb2 b6
9.Nc3 Bb7 10.Ne5 c5 11.cxd5 Nxe5 12.dxe5 Nxd5 13.Qb1 h6 14.Ne4 Qc7 15.a3 a5
16.Qd1 Rad8 17.Qe2 Qc6 18.Rad1 Nc7 19.Bb1 Ba6 20.Qc2 g6 21.Rfe1 Kh7 22.Rd6 Qb7
23.Red1 Nd5 24.R1xd5 exd5 25.Nxc5  1-0

[Event "Lev Polugaevsky Mem"]
[Site "Samara RUS"]
[Date "2011.07.10"]
[Round "6"]
[White "Artamonov,V"]
[Black "Ushakova,I"]
[Result "1/2-1/2"]
[WhiteElo "2277"]
[BlackElo "2126"]

1.c4 c6 2.Nf3 d5 3.Na3 g6 4.g3 Bg7 5.Bg2 e5 6.d3 Ne7 7.O-O O-O 8.Rb1 h6 9.b4 Be6
10.Bb2 Nd7 11.cxd5 cxd5 12.Qd2 a6 13.e3 Nc6 14.Rfc1 Qe7 15.Nc2 Rfc8 16.a4 b5
17.Nfe1 Nb6 18.a5 Nd7 19.f4 Rab8 20.Nf3 Bf5 21.fxe5 Ndxe5 22.Bxe5 Nxe5 23.Ncd4 Bd7
24.Nxe5 Qxe5 25.Rc5 Rxc5 26.bxc5 Re8 27.Re1 Qe7 28.c6 Bc8 29.Nc2 Qc5 30.d4 Qxc6
31.Nb4 Qd6 32.Bxd5 Bf8 33.Rf1 Be6 34.Bxe6 Qxe6 35.Nc2 Rc8 36.Ne1 Qc4 37.Nd3 Qc2
38.Rf2 Qxd2 39.Rxd2 Rc3 40.d5 b4 41.e4 f6 42.Kf2 Kf7 43.Ke2 Ra3 44.Rc2 Rxa5
45.Rc7+ Ke8 46.Rc8+ Kf7 47.Rb8 Bd6 48.Rb6 Ke7 49.Nxb4 Bxb4 50.Rxb4 Rb5 51.Rc4 Rb6
52.Ke3 Kd6 53.Kf4 f5 54.exf5 Kxd5 55.Ra4 gxf5 56.Kxf5 Kc5 57.h4 Kb5 58.Ra1 Rd6
59.g4 a5 60.g5 hxg5 61.hxg5 a4 62.g6 Rd2 63.Rb1+ Kc4 64.Rh1 Rg2 65.Rh4+ Kb3
66.Rg4 Rd2 67.g7 Rd8 68.Rd4 Rg8 69.Rd7 a3 70.Rb7+ Kc2 71.Ra7 Kb2  1/2-1/2

[Event "Oberwart Open"]
[Site "Oberwart AUT"]
[Date "2011.07.11"]
[Round "3"]
[White "Wolfram,B"]
[Black "Heissenberger,A"]
[Result "1/2-1/2"]
[WhiteElo "2195"]
[BlackElo "2038"]

1.c4 c6 2.g3 d5 3.Bg2 Nf6 4.Nf3 Bf5 5.b3 dxc4 6.bxc4 g6 7.Bb2 Bg7 8.O-O O-O
9.d4 Nbd7 10.Nc3 Nb6 11.c5  1/2-1/2

[Event "ch-Central Serbia Int Open B"]
[Site "Paracin SRB"]
[Date "2011.07.11"]
[Round "4.21"]
[White "Kosir,F"]
[Black "Blagojevic,Nikola"]
[Result "1-0"]
[WhiteElo "1978"]
[BlackElo "1567"]

1.c4 c6 2.Nf3 d5 3.b3 Nf6 4.g3 g6 5.Bg2 Bg7 6.Bb2 e6 7.O-O O-O 8.d4 Nbd7
9.Nbd2 b6 10.Qc2 Ba6 11.Rfe1 Rc8 12.Rad1 Qc7 13.e4 dxe4 14.Nxe4 Nxe4 15.Qxe4 c5
16.Qe2 cxd4 17.Nxd4 Rfd8 18.Nc6 Re8 19.Bxg7 Kxg7 20.Qb2+ Kg8 21.Qa3 Nc5 22.Ne5 Bb7
23.Bxb7 Qxb7 24.b4 Na6 25.Rd7 Rc7 26.Red1 Re7 27.Rd8+ Kg7 28.Qc3 f6 29.Ng4 e5
30.R8d6 Rcd7 31.Nxf6 Qc7 32.Rxd7 Rxd7 33.Rxd7+  1-0

[Event "3rd International Open"]
[Site "Rethymno GRE"]
[Date "2011.07.11"]
[Round "1"]
[White "Kohlweyer,B"]
[Black "Papadopoulos,Ar"]
[Result "1-0"]
[WhiteElo "2494"]
[BlackElo "1745"]

1.c4 c6 2.Nf3 Nf6 3.Nc3 d5 4.e3 e6 5.Qc2 Nbd7 6.b3 Bd6 7.Bb2 O-O 8.Be2 Qc7
9.Rc1 a6 10.d4 b5 11.c5 Be7 12.b4 Ne8 13.Bd3 f5 14.Ne2 Ndf6 15.O-O Ne4 16.Ne5 N8f6
17.f3 Ng5 18.Bc3 Bb7 19.Qb2 Bd8 20.g3 Qe7 21.Kg2 Ra7 22.Ra1 Ba8 23.a4 Nf7
24.Ra3 Rc7 25.axb5 cxb5 26.Rxa6 Bb7 27.Ra7 Qe8 28.Ra5 Ng5 29.Bxb5 Qh5 30.Nf4 Qh6
31.Ra7 Bc8 32.Rxc7 Bxc7 33.Qa2 g6 34.Ba6 Bxe5 35.dxe5 Nge4 36.Bxc8 Rxc8 37.Bd4 g5
38.exf6 gxf4 39.fxe4 f3+ 40.Rxf3 fxe4 41.Rf4  1-0

[Event "XX Adolf Anderssen Memorial Open"]
[Site "Wroclaw POL"]
[Date "2011.07.11"]
[Round "1"]
[White "Markowski,T"]
[Black "Hasinski,K"]
[Result "1-0"]
[WhiteElo "2611"]
[BlackElo "1971"]

1.c4 c6 2.d4 d5 3.Nf3 Nf6 4.Qb3 e6 5.Bg5 Be7 6.Nc3 Nbd7 7.e3 O-O 8.Be2 h6
9.Bh4 Qb6 10.O-O Qxb3 11.axb3 Re8 12.c5 Bd8 13.b4 e5 14.b5 e4 15.Nd2 Nf8
16.b4 Ne6 17.bxc6 bxc6 18.b5 Bb7 19.Nb3 Bc7 20.Na5 Bxa5 21.Rxa5 Nc7 22.Rfa1 cxb5
23.Nxb5 Nxb5 24.Bxb5 Rec8 25.Rxa7 Rxa7 26.Rxa7 Bc6 27.Bxc6 Rxc6 28.Bxf6 Rxf6
29.Rd7 Ra6 30.g3 f6 31.Rxd5 Kf7 32.Rd7+ Ke6 33.Rxg7 h5 34.Rh7 Kf5 35.Rxh5+ Kg4
36.Rh4+ Kf3 37.Rf4+ Ke2 38.Kg2 Ra1 39.Rxe4  1-0

[Event "St Pauli Open"]
[Site "Hamburg GER"]
[Date "2011.07.12"]
[Round "5.36"]
[White "Mueller,To"]
[Black "Groetzbach,D"]
[Result "1-0"]
[WhiteElo "2118"]
[BlackElo "1807"]

1.c4 c6 2.g3 d5 3.Bg2 Nf6 4.Nf3 Bf5 5.cxd5 Nxd5 6.d3 Bg6 7.h4 h6 8.Ne5 Bh7
9.Qb3 Nd7 10.Bxd5 Nxe5 11.Bg2 Qd7 12.O-O e6 13.d4 Ng4 14.Bf4 Be7 15.Nc3 Nf6
16.e4 Nh5 17.Be3 O-O 18.e5 g5 19.Qd1 Ng7 20.hxg5 hxg5 21.Be4 Nf5 22.Qg4 Qd8
23.Kg2 Kg7 24.Rh1 Bg6 25.Rad1 Rc8 26.Qe2 a6 27.Bf3 b5 28.Ne4 Rh8 29.Qd2 Nxe3+
30.Qxe3 Rxh1 31.Rxh1 a5 32.Nc5 Bxc5 33.dxc5 Qe7 34.Rd1 Rc7 35.Rd6 Qe8 36.Qxg5  1-0

[Event "3rd International Open"]
[Site "Rethymno GRE"]
[Date "2011.07.12"]
[Round "2"]
[White "David,Alb"]
[Black "Sturt,R"]
[Result "1-0"]
[WhiteElo "2609"]
[BlackElo "2231"]

1.c4 c6 2.Nf3 Nf6 3.Nc3 d5 4.e3 a6 5.Qc2 g6 6.d4 Bg7 7.Bd3 Nbd7 8.b3 O-O
9.O-O c5 10.Nxd5 Nxd5 11.cxd5 cxd4 12.e4 Ne5 13.Nxe5 Bxe5 14.Bh6 Re8 15.f4 Bh8
16.Qf2 Qd6 17.Rae1 Bd7 18.e5 Qxd5 19.f5 Bb5 20.Be4 Qxe5 21.fxg6 f6 22.Bf5  1-0

[Event "Open ch-SVK A"]
[Site "Banska Stiavnica SVK"]
[Date "2011.07.13"]
[Round "5"]
[White "Petran,Pe"]
[Black "Michalik,P"]
[Result "0-1"]
[WhiteElo "2295"]
[BlackElo "2505"]

1.c4 c6 2.Nf3 d5 3.b3 Bg4 4.Bb2 Bxf3 5.gxf3 Nf6 6.e3 Nbd7 7.f4 Nc5 8.d3 a5
9.Be2 g6 10.Qc2 Ne6 11.d4 Ng7 12.Nd2 e6 13.a3 Nf5 14.c5 Bg7 15.Bc3 O-O 16.b4 axb4
17.axb4 Rxa1+ 18.Bxa1 Nd7 19.Nf3 Nh4 20.Bc3 Qe7 21.O-O Nxf3+ 22.Bxf3 f6 23.Ra1 Qe8
24.Be2 e5 25.f5 e4 26.Bg4 Nb8 27.Bh3 Kh8 28.Qe2 Na6 29.b5 cxb5 30.Rb1 gxf5
31.Bxf5 Rg8 32.Kf1 b4 33.Bxb4 Bf8 34.Bc3 Rg5 35.Bh3 Rg7 36.Ke1 Nb8 37.Kd2 Nc6
38.Ra1 Rg5 39.f4 Rg7 40.Rb1 Qf7 41.Ra1 f5 42.Ra8 Kg8 43.Qf2 Rg6 44.Bf1 Kg7
45.Be2 Rh6 46.Ra1 Be7 47.Rg1+ Kf8 48.Rg2 Ke8 49.Qg1 Kf8 50.Qa1 Qe8 51.Qa2 Qd8
52.Bd1 Kf7 53.Be2 Ke6 54.Qa1 Bf6 55.Bb5 Rg6 56.Re2 Be7 57.Qa4 Kf7 58.Kc2 Kg7
59.Qa1 Qc7 60.Qa2 Qd7 61.Kd2 h5 62.Qa1 Kh6 63.Qf1 Qc8 64.Rg2 Rg4 65.h3 Rxg2+
66.Qxg2 Qa8 67.Qe2 Qa3 68.Kc2 Bd8 69.Bxc6 bxc6 70.Qd2 Kg6 71.Kd1 Qa4+ 72.Ke1 Qc4
73.Kf2 Bh4+ 74.Kg2 Qb3 75.Ba5 Qb1 76.Bc3 Kf6 77.Ba5 Ke6 78.Bc3 Kd7 79.Ba5 Qb8
80.Kf1 Qb5+ 81.Kg2 Kc8 82.Bc3 Qb1 83.Qe2 Kb7 84.Qb2+ Qxb2+ 85.Bxb2 Ka6 86.Kf1 Kb5
87.Ke2 Kc4 88.Bc1 Bf6 89.Bd2 Bxd4 90.exd4 Kxd4 91.Bb4 Kc4 92.Ba3 Kb3 93.Bc1 d4
94.Kd2 Kb4 95.Kc2 Kxc5 96.Kb3 Kd5 97.Bd2 c5 98.Ba5 c4+ 99.Kc2 c3 100.Kb3 e3  0-1

[Event "ch-Central Serbia Int Open B"]
[Site "Paracin SRB"]
[Date "2011.07.13"]
[Round "7.8"]
[White "Nikolic,Milan"]
[Black "Ostojic,N2"]
[Result "0-1"]
[WhiteElo "1885"]
[BlackElo "2093"]

1.c4 c6 2.d4 d5 3.Nc3 Nf6 4.Nf3 e6 5.Bg5 Nbd7 6.e3 Qa5 7.Qa4 Qxa4 8.Nxa4 dxc4
9.Bxf6 gxf6 10.Nc3 b5 11.a4 Bb4 12.Nd2 Bxc3 13.bxc3 f5 14.g3 a6 15.Bg2 Bb7
16.O-O O-O-O 17.Rfb1 Nb6 18.Ra3 Kc7 19.Kf1 f6 20.h4 Rhe8 21.Bh3 h6 22.Bg2 Nc8
23.Ra2 Ne7 24.Rab2 Bc8 25.Ra1 Bb7 26.Rab1 e5 27.axb5 axb5 28.Nxc4 Nd5 29.Na5 Ba6
30.Kg1 f4 31.dxe5 fxe5 32.exf4 exf4 33.Bxd5 Rxd5 34.gxf4 Rg8+ 35.Kh2 Rh5  0-1

[Event "Open ch-SVK A"]
[Site "Banska Stiavnica SVK"]
[Date "2011.07.14"]
[Round "6"]
[White "Jurcik,Mart"]
[Black "Bombek,P"]
[Result "1/2-1/2"]
[WhiteElo "2360"]
[BlackElo "2186"]

1.c4 c6 2.d4 d5 3.Nf3 e6 4.g3 f5 5.Bg2 Nf6 6.Bf4 Bd6 7.Bxd6 Qxd6 8.O-O O-O
9.Nbd2 Nbd7 10.c5 Qe7 11.b4 Ne4 12.Nb3 b6 13.Qc2 Ba6 14.Rfe1 Bc4 15.Nfd2 Nxd2
16.Nxd2 b5 17.Nxc4 bxc4 18.Qa4 Rfc8 19.b5 cxb5 20.Qxb5 Nb8 21.e3 Nc6 22.Reb1 Rab8
23.Qa6 Qd7 24.a3  1/2-1/2